000 00423cam a2200169ua 4500
041 _aeng
_h
082 _a532
_bWHI/FL
100 _aWhite, Frank M .
245 _aFluid mechanics /
_cFrank M White.
_hTextual Documents
250 _a6 /
_b.
260 _aNew Delhi :
_bTata Mc-Graw Hill Publishing Company ,
_c2008.
300 _a793 ; .
504 _a
942 _cBK
999 _c13200
_d13200